000 00574nam a2200169 i 4500
001 129896
003 ES-MaACL
005 20230906193612.0
007 t|
008 070710s1939 sp ||||1| spa d
100 1 _aZulaica Gárate, Román.
_9118446
245 1 4 _aLos franciscanos y la imprenta en México en el siglo XVI
_b: estudio bio-bibliográfico /
_cpor Román Zulaica Gárate.
260 _aMéxico :
_bEdit. Pedro Robredo,
_c1939 (
_fA. Bosque)
300 _a373 p. ;
_c24 cm.
610 2 _aFranciscanos-
_zMéxico.
_94177
852 _aES-MaACL
_jF-15235
_bR.18884
999 _c129896
_d129896